ARRUPE JESUIT UNIVERSITY

CORONAVIRUS -STOP THE SPREAD - CLEAN,DISINFECT,COVER

The African Synod (Record no. 17942)

MARC details
000 -LEADER
fixed length control field 00618nam a2200229Ia 4500
003 - CONTROL NUMBER IDENTIFIER
control field 0100
005 - DATE AND TIME OF LATEST TRANSACTION
control field 20161013103459.0
008 - FIXED-LENGTH DATA ELEMENTS--GENERAL INFORMATION
fixed length control field 130303s9999 xx 000 0 und d
020 ## - INTERNATIONAL STANDARD BOOK NUMBER
International Standard Book Number 1570750386
040 ## - CATALOGING SOURCE
Transcribing agency ARRUPELIB
050 ## - LIBRARY OF CONGRESS CALL NUMBER
Classification number BX839.A4 B883
300 ## - PHYSICAL DESCRIPTION
Other physical details 286p. 28cm.
100 ## - MAIN ENTRY--PERSONAL NAME
Personal name Browne, Maura ed.
9 (RLIN) 26694
245 #4 - TITLE STATEMENT
Title The African Synod
245 ## - TITLE STATEMENT
Remainder of title Documents, Reflections, Perspectives
260 ## - PUBLICATION, DISTRIBUTION, ETC. (IMPRINT)
Place of publication, distribution, etc Maryknoll, New York
260 ## - PUBLICATION, DISTRIBUTION, ETC. (IMPRINT)
Name of publisher, distributor, etc Orbis Books
300 ## - PHYSICAL DESCRIPTION
Extent ix
650 ## - SUBJECT ADDED ENTRY--TOPICAL TERM
Topical term or geographic name as entry element Synod of Bishops, Africa
9 (RLIN) 26695
700 ## - ADDED ENTRY--PERSONAL NAME
Personal name Africa Faith and Justice Network
9 (RLIN) 26696
942 00 - ADDED ENTRY ELEMENTS (KOHA)
Koha issues (borrowed), all copies 1
Source of classification or shelving scheme Library of Congress Classification
Koha item type Monograph ( Printed materials)
Holdings
Withdrawn status Lost status Source of classification or shelving scheme Damaged status Not for loan Collection code Home library Current library Shelving location Date acquired Total Checkouts Full call number Barcode Date last seen Date checked out Copy number Price effective from Koha item type
    Library of Congress Classification     Main Collection ARRUPE LIBRARY ARRUPE LIBRARY   04/03/2013 3 BX839.A4B883 46003089071 22/11/2017 15/02/2016 1 04/03/2013 Monograph ( Printed materials)
    Library of Congress Classification     Main Collection ARRUPE LIBRARY ARRUPE LIBRARY Main Collection 13/10/2016   BX839.A4 B883 46500010598 22/11/2017     13/10/2016 Monograph ( Printed materials)

 

Arrupe Library. PO Box MP320 Mt Pleasant, Harare, Zimbabwe
263 242 745411|librarian@aju.ac.zw